000 00342nam a2200145Ia 4500
008 221030s9999 xx 000 0 und d
041 _aEnglish
082 _a105.23
100 _aJ. Das
245 0 _aPrinciples of Digital Communications
_cby J. Das, S. K. Mullick
260 _c0
650 _aB
700 _aS. K. Mullick
942 _cBK
999 _c13815
_d13815